Loading...

Plant Physiology

Bibliografiske detaljer
Hovedforfatter: Verma,V
Format: Printed Book
Udgivet: New Delhi: Ane Books India, 2007.
Fag:
LEADER 00455nam a22001457a 4500
020 |a 9788180520648 
082 |a 571.2  |b VER/T 
100 |a Verma,V 
245 |a Plant Physiology 
260 |a New Delhi:  |b Ane Books India,  |c 2007. 
300 |a 731p 
650 |a Botany 
942 |c BK 
999 |c 42558  |d 42558 
952 |0 0  |1 0  |4 0  |6 571_200000000000000_VERT  |7 0  |8 Stack  |9 46381  |a KUCL  |b KUCL  |c Stack  |d 2016-11-11  |g 995.00  |l 2  |o 571.2 VER/T  |p 43989  |r 2018-04-18  |s 2017-12-12  |w 2016-11-11  |y BK